| 000 | 00424nam a22001577a 4500 | ||
|---|---|---|---|
| 020 | _a1558608559 | ||
| 082 |
_222 _a005.74 |
||
| 100 | _aDate, C.J...[et al.]. | ||
| 245 | _aTemporal data and the relaational model / | ||
| 260 |
_aCalfornia, _bMargan Kaufonann, _cc2003. |
||
| 300 |
_axxii, 422p. ; _bill. ; _c23 cm. |
||
| 700 | _aDarwen, Hugh, | ||
| 700 | _aand Lorenthos, Nikos A. | ||
| 942 |
_2ddc _cIT |
||
| 999 |
_c1826 _d1826 |
||
| 999 |
_c1983 _d1983 |
||